LDR 00953naa#a2200181#i#450# 001 RU\\bibl\122557 005 20260703001046.5 011 ## _a2227-1171 100 ## _a20260630b2026####ek#y0rusy0150####ca 102 ## _aRU 200 1# _aИСПОЛЬЗОВАНИЕ СПЕЦИАЛЬНЫХ ЗНАНИЙ ПРИ РАССЛЕДОВАНИИ ВОВЛЕЧЕНИЯ НЕСОВЕРШЕННОЛЕТНИХ В НЕЗАКОННЫЙ ОБОРОТ НАРКОТИКОВ В ИНТЕРНЕТ-СРЕДЕ _eЖурнальная статья 210 1# _aКазань _cКазанский юридический институт МВД России _d2026 215 ## _a7 с. 608 ## _aЖурнальная статья _2local 675 ## _aТактика расследования отдельных видов преступлений. 343.985.7 _z 700 #1 _aГарипов _gТимур Ильгизович 700 #1 _aПоздышев _gРоман Сергеевич 856 4# _avestnikkui.ru _u